| 000 | 00932nam a2200217 i 4500 | ||
|---|---|---|---|
| 001 | 156175 | ||
| 003 | ES-MaACL | ||
| 005 | 20251011165009.0 | ||
| 008 | 020418s1888 sp |||| | spa d | ||
| 040 |
_aCAM _bspa _cCAM |
||
| 100 | 1 |
_aJackson Veyán, José. _965824 |
|
| 245 | 1 | 3 |
_aLa estrella del arte _b: zarzuela en un acto y dos cuadros, en verso / _coriginal de José Jackson Veyan; música de Nieto y Rubio. |
| 260 |
_aMadrid : _b[s.n.], _c1888 ( _fImprenta de M.P. Montoya) |
||
| 300 |
_a32 p. ; _c20 cm. |
||
| 500 | _aEstrenada por la Compañía de Variedades, en el Teatro Martín, la noche del 10 de febrero de 1888. | ||
| 596 | _aEn verso de la port. consta: "... Biblioteca Lírico-Dramática de Enrique Arregui ..." | ||
| 700 | 1 |
_aNieto, Manuel, _d1844-1915 _9130485 |
|
| 700 | 0 |
_aRubio, Angel. _9100337 |
|
| 852 |
_aES-MaACL _jF-4092(4) _z-- Enc. hol. _q-- Falto de la cub. original |
||
| 999 |
_c156175 _d156175 |
||